000 01493nam0a2200337 4500
001 RU\NLR\bibl\1409020
005 20250615210731.0
010 _a978-5-9524-4332-7
_93000
021 _aRU
_b2009-53482
_93297
035 _a(NLR Aleph) 001401012
090 _a1222408
_c1222408
100 _a20090908d2009 |||y0rusy50 ca
101 1 _arus
_ceng
102 _aRU
105 _aa |||||||||
200 1 _aПодводный ас Третьего рейха
_eбоевые победы Отто Кречмера, командира субмарины "U-99". 1939-1941
_fТеренс Робертсон
_g[пер. с англ. Л.А. Игоревского]
210 _aМосква
_cЦентрполиграф
_d2009
215 _a222, [2] с., [4] л. ил., портр.
_d21
225 1 _aЗа линией фронта
_iВоенная история
300 _aЗагл. и авт. ориг.: The golden horseshoe/ Terence Robertson
454 0 _12001#$aThe golden horseshoe$zeng
_1700#1$aRobertson$bT.$gTerence$4070
_tThe golden horseshoe
_aRobertson, Terence
600 1 _aКречмер
_bО.
_f1912 - 1998
_gОтто
_92602560
_3RU\NLR\auth\661539118
686 1 _aЦ35(0)62-661,2-243дКречмер
700 1 _aРобертсон
_bТ.
_gТеренс
_4070
702 1 _aКречмер
_bО.
_gОтто
_4570
801 0 _aRU
_bNLR
_c20090908
_gRCR
801 1 _aRU
_bNLR
_c20090908
942 _cBOOK
980 _aNB